| 000 | 01048cam a22002894i 4500 | ||
|---|---|---|---|
| 001 | 17950016 | ||
| 003 | PILC | ||
| 005 | 20150804132809.0 | ||
| 008 | 131121s2015 caua 000 0 eng | ||
| 010 | _a 2013046948 | ||
| 020 | _a9781452240275 (pbk.) | ||
| 040 |
_aDLC _beng _cDLC _erda _dDLC |
||
| 042 | _apcc | ||
| 050 | 0 | 0 |
_aLB 1028 _b.M3964 2015 |
| 082 | 0 | 0 | _a370.7/2 |
| 100 | 1 | _aMertens, Donna M. | |
| 245 | 1 | 0 |
_aResearch and evaluation in education and psychology : _bintegrating diversity with quantitative, qualitative, and mixed methods / _cDonna M. Mertens, Gallaudet University. |
| 250 | _aFourth edition. | ||
| 260 |
_aLos Angeles : _bSage, _c2015. |
||
| 300 |
_axxiii, 509 pages : _billustrations ; _c26 cm. |
||
| 500 | _aIncludes bibliographical references. | ||
| 650 | 0 |
_aEducation _xResearch _xMethodology. |
|
| 650 | 0 |
_aPsychology _xResearch _xMethodology. |
|
| 906 |
_a7 _bcbc _corignew _d1 _eecip _f20 _gy-gencatlg |
||
| 942 |
_2lcc _cBK |
||
| 999 |
_c288306 _d288306 |
||